01179nam a22002657a 4500003000400000005001700004008004100021040001100062082001400073100002900087245001400116260012900130300002300259490002700282505014100309505016300450505002900613505003400642505002700676505002200703650004500725650004400770650005500814650004400869OSt20230516110527.0230516b |||||||| |||| 00| 0 eng d cLado V 2708aK82f aKontova, Helenaeeditora aFlashArt/ aAustraliaaAustriaaBelgicaaCanadaaFranciaaAlemaniaaGran BretañaaHolandaaItaliaaEspañaaIrlandabGEA POLITIc2004 a128p.c20.5x27.5cm a237vXXXVIIx0394-1493 aFlash Art NewstGazing at the New Europe Group Shows Theory Cityscape Helsinki New York, New York London Eye Aperto Poland Replay aFeaturestSophie von Hellermann The Wedding John Baldessari My Files of Movie Stills Political Minimalism Maurizio Cattelan Was will Europa Angeo Figus aGlobal ArtrPavel Braila aOuverturesrHarrell Fletcher  aSpotlightstLocalismos aFlash Art Reviews 2Tesauro de Arte & ArquitecturaaCATALOGO 2Tesauro de Arte & ArquitecturaaREVISTA 2Tesauro de Arte & ArquitecturaaARTE INTERNACIONAL 2Tesauro de Arte & ArquitecturaaCRITICA